[Event "CRO-chT2 East"]
[Site "Croatia"]
[Date "2014.04.27"]
[Round "3.33"]
[White "Jusup, Matej"]
[Black "Vandjija, Zdenko"]
[Result "1-0"]
[WhiteElo "2202"]
[BlackElo "2133"]
[PlyCount "87"]
[EventDate "2014.04.26"]
[EventType "team-tourn"]
[EventRounds "11"]
[EventCountry "CRO"]
[SourceTitle "EXT 2019"]
[Source "ChessBase"]
[SourceDate "2018.10.10"]
[SourceVersion "1"]
[SourceVersionDate "2018.10.10"]
[SourceQuality "1"]

1. d4 Nf6 2. Nf3 d6 3. Nc3 c6 4. e4 Bg4 5. Be2 Nbd7 6. 0-0 e5 7. Re1 Be7 8. Be3 Qc7 9. Qd3 0-0 10. Rad1 Rfd8 11. Qc4 Bxf3 12. gxf3 exd4 13. Qxd4 d5 14. exd5 cxd5 15. Nxd5 Nxd5 16. Qxd5 Nf6 17. Qf5 g6 18. Bf4 Qc6 19. Qe5 Nh5 20. Be3 Bf6 21. Qe4 Bxb2 22. Rxd8+ Rxd8 23. Qxc6 bxc6 24. Rb1 Bd4 25. Rd1 Bb6 26. Rxd8+ Bxd8 27. Bxa7 Nf4 28. Ba6 Ne6 29. c4 Ba5 30. Bc8 Bb4 31. Bd7 c5 32. Bxe6 fxe6 33. a4 Kf7 34. Bb6 Ke7 35. a5 Kd7 36. a6 Kc6 37. a7 Kb7 38. Kf1 e5 39. Ke2 h5 40. Kd3 Ba3 41. Ke4 g5 42. h3 h4 43. Kxe5 Bb2+ 44. Kd5 1-0

[Event "CRO-chT2 East"]
[Site "Croatia"]
[Date "2011.04.03"]
[Round "3"]
[White "Lalic, Kristijan"]
[Black "Vandjija, Zdenko"]
[Result "1-0"]
[WhiteElo "2289"]
[BlackElo "2134"]
[PlyCount "89"]
[EventDate "2011.04.02"]
[EventType "tourn"]
[EventRounds "11"]
[EventCountry "CRO"]
[SourceTitle "EXT 2014"]
[Source "ChessBase"]
[SourceDate "2013.11.20"]
[SourceVersion "1"]
[SourceVersionDate "2013.11.20"]
[SourceQuality "1"]

1. Nc3 Nf6 2. d4 d5 3. Bg5 c6 4. f3 Bf5 5. e3 Nbd7 6. Bd3 Bxd3 7. Qxd3 e5 8. 0-0-0 Be7 9. Nge2 0-0 10. e4 dxe4 11. fxe4 Ng4 12. Bxe7 Qxe7 13. Qg3 Qg5+ 14. Kb1 Qg6 15. h3 Ngf6 16. Qf3 exd4 17. Nxd4 Rfe8 18. Nf5 Re6 19. g4 Nc5 20. Rhe1 Rae8 21. e5 Rxe5 22. Rxe5 Rxe5 23. Qf4 Re8 24. Qd6 Ne6 25. Ne7+ Rxe7 26. Qxe7 h5 27. Qxb7 hxg4 28. hxg4 Qxg4 29. Qxc6 g6 30. b3 Kg7 31. Kb2 Qf4 32. Qc8 Qe3 33. Rh1 Nh5 34. Qb7 Qf2 35. Rd1 Nf6 36. Qb4 g5 37. Rd3 Nf4 38. Rd6 Ne6 39. Nd5 Nd4 40. Rxf6 Qxc2+ 41. Ka3 Qc1+ 42. Ka4 Qb2 43. a3 Nc2 44. Qc5 Nxa3 45. Qxa7 1-0

[Event "CRO-chT2c"]
[Site "Croatia"]
[Date "2009.11.08"]
[Round "11"]
[White "Vandjija, Zdenko"]
[Black "Kalajzic, Ivan"]
[Result "1-0"]
[WhiteElo "2088"]
[BlackElo "2269"]
[PlyCount "89"]
[EventDate "2009.04.04"]
[EventType "team-tourn"]
[EventRounds "11"]
[EventCountry "CRO"]
[SourceTitle "EXT 2011"]
[Source "ChessBase"]
[SourceDate "2010.11.26"]
[SourceVersion "1"]
[SourceVersionDate "2010.11.26"]
[SourceQuality "1"]

1. d4 Nc6 2. Nf3 d6 3. e3 Bg4 4. Bb5 a6 5. Ba4 b5 6. Bb3 Nf6 7. c3 e6 8. Nbd2 d5 9. h3 Bh5 10. g4 Bg6 11. Ne5 Nxe5 12. dxe5 Ne4 13. Nxe4 Bxe4 14. Rg1 Qh4 15. Rg3 Be7 16. Bc2 Bxc2 17. Qxc2 0-0 18. e4 Rad8 19. Be3 c5 20. Rd1 Rfe8 21. a4 c4 22. axb5 axb5 23. exd5 exd5 24. Qf5 g6 25. Qf4 f6 26. Qf3 fxe5 27. Rxd5 e4 28. Qd1 b4 29. Qd4 Rc8 30. Rd7 Qf6 31. Qd5+ Qf7 32. Qxe4 Bf6 33. Rxf7 Bxc3+ 34. bxc3 Rxe4 35. Rgf3 bxc3 36. Kd1 Rd8+ 37. Kc2 h5 38. gxh5 gxh5 39. R7f4 Rxf4 40. Rxf4 Kh7 41. Rxc4 Kg6 42. Kxc3 Rd1 43. Rc5 h4 44. Rg5+ Kf6 45. Rg4 1-0

[Event "CRO-chT2c"]
[Site "Croatia"]
[Date "2009.10.17"]
[Round "8"]
[White "Vandjija, Zdenko"]
[Black "Radulovic, Bojan"]
[Result "0-1"]
[WhiteElo "2088"]
[BlackElo "2266"]
[PlyCount "102"]
[EventDate "2009.04.04"]
[EventType "team-tourn"]
[EventRounds "11"]
[EventCountry "CRO"]
[SourceTitle "EXT 2011"]
[Source "ChessBase"]
[SourceDate "2010.11.26"]
[SourceVersion "1"]
[SourceVersionDate "2010.11.26"]
[SourceQuality "1"]

1. d4 Nf6 2. Nf3 e6 3. e3 d5 4. Bd3 c5 5. b3 Nbd7 6. Bb2 b6 7. Nbd2 Bb7 8. 0-0 Be7 9. Ne5 0-0 10. f4 Ne4 11. Nxd7 Qxd7 12. Bxe4 dxe4 13. Nc4 Ba6 14. Ne5 Qc7 15. Rf2 f6 16. Nc4 Bxc4 17. bxc4 cxd4 18. Qxd4 Qc6 19. f5 Rfd8 20. Qc3 e5 21. Re2 Rac8 22. Kf2 Qxc4 23. Qb3 b5 24. g4 a5 25. a4 Qxb3 26. cxb3 b4 27. Rb1 Rd3 28. Ba1 Kf7 29. h4 g6 30. fxg6+ hxg6 31. g5 Ke6 32. gxf6 Bxf6 33. Kg3 Rh8 34. Rc1 Bxh4+ 35. Kg4 Be7 36. Rc6+ Rd6 37. Rc5 Rd5 38. Rc6+ Rd6 39. Rc5 Rh5 40. Bb2 Rd1 41. Rc6+ Bd6 42. Rc1 Rxc1 43. Bxc1 Rh1 44. Rc2 Rd1 45. Kg5 Rg1+ 46. Kh6 Bf8+ 47. Kh7 g5 48. Kg6 g4 49. Bb2 g3 50. Kg5 g2 51. Bc1 Bc5 0-1

[Event "CRO-chT2c"]
[Site "Croatia"]
[Date "2009.05.02"]
[Round "4"]
[White "Vandjija, Zdenko"]
[Black "Grandic, Zvjezdan"]
[Result "1/2-1/2"]
[WhiteElo "2092"]
[BlackElo "2176"]
[PlyCount "31"]
[EventDate "2009.04.04"]
[EventType "team-tourn"]
[EventRounds "11"]
[EventCountry "CRO"]
[SourceTitle "EXT 2010"]
[Source "ChessBase"]
[SourceDate "2010.11.25"]
[SourceVersion "1"]
[SourceVersionDate "2010.11.25"]
[SourceQuality "1"]

1. d4 Nf6 2. Nf3 e6 3. e3 c5 4. Bd3 Nc6 5. 0-0 d5 6. b3 cxd4 7. exd4 Nb4 8. Bb5+ Bd7 9. Bxd7+ Qxd7 10. a3 Nc6 11. Nbd2 Bd6 12. Bb2 Bf4 13. g3 Bxd2 14. Qxd2 Ne4 15. Qe2 0-0 16. Rac1 1/2-1/2

[Event "CRO-chT3 East-A"]
[Site "Croatia"]
[Date "2005.03.13"]
[Round "1.2"]
[White "Spanovic, Rade"]
[Black "Vandjija, Zdenko"]
[Result "1/2-1/2"]
[WhiteElo "2013"]
[BlackElo "2084"]
[PlyCount "146"]
[EventDate "2005.03.13"]
[EventType "team-tourn"]
[EventRounds "11"]
[EventCountry "CRO"]
[SourceTitle "EXT 2007"]
[Source "ChessBase"]
[SourceDate "2006.11.23"]
[SourceVersion "1"]
[SourceVersionDate "2006.11.23"]
[SourceQuality "1"]
[WhiteTeam "Nova Gradiska"]
[BlackTeam "Spisice Bukovica"]
[WhiteTeamCountry "CRO"]
[BlackTeamCountry "CRO"]

1. c4 Nf6 2. g3 d6 3. Bg2 Nbd7 4. Nc3 c6 5. d4 Qc7 6. e4 e5 7. Be3 Be7 8. Nge2 0-0 9. 0-0 Re8 10. d5 c5 11. h3 Nf8 12. f4 exf4 13. Bxf4 Ng6 14. Qd2 Nh5 15. Bg5 h6 16. Bxe7 Qxe7 17. Rf2 Qe5 18. Qd3 a6 19. Raf1 Nf6 20. Nf4 Nxf4 21. gxf4 Qd4 22. Qe2 b5 23. cxb5 Qb4 24. a3 Qa5 25. Rd1 Rb8 26. bxa6 Bxa6 27. Qc2 Qb6 28. Re1 Re7 29. Bf1 Rbe8 30. Bxa6 Qxa6 31. Rfe2 Qc4 32. b3 Qd4+ 33. Kh1 Nh5 34. Rd2 Qf6 35. f5 Ng3+ 36. Kg1 Nxf5 37. Rf1 Qg5+ 38. Rg2 Qe3+ 39. Kh2 Nd4 40. Qc1 Qxc1 41. Rxc1 Nxb3 42. Rb1 Nd4 43. Rb6 Rd7 44. a4 Ra8 45. Rgb2 Kf8 46. Kg2 Ke7 47. Kf2 g6 48. Ke3 Kf6 49. Kf4 g5+ 50. Ke3 Ke5 51. Rb7 Ra7 52. Rxd7 Rxd7 53. Rb8 f5 54. Re8+ Kf6 55. exf5 Kxf5 56. Rf8+ Ke5 57. Re8+ Kf6 58. Kd3 Ra7 59. Ne4+ Kg6 60. Nxd6 Rxa4 61. Ne4 Nf5 62. Re6+ Kg7 63. Re5 Kg6 64. Nxc5 Ra3+ 65. Kc4 Rxh3 66. Ne4 Rh4 67. Kc5 Rh1 68. d6 Rc1+ 69. Kd5 Rd1+ 70. Ke6 Nd4+ 71. Kd7 Nf5 72. Ke6 Nd4+ 73. Kd7 Nf5 1/2-1/2